Представление документа в формате RUSMARC

ПолеНазваниеЗначение
  Тип записи a
  Библиографический уровень m
001 Контрольный номер UONB/MAIN/acf9cad0bcb342f6a7c1c36efb88dae1
005 Дата корректировки 20260504125902.7
100 Данные общей обработки __
a Данные общей обработки 20260504g1973 u u0rusy0189 ca
101 Язык документа 0_
a Язык текста rus
102 Страна публикации __
a Страна публикации RU
105 Кодированные данные (монография) __
a Кодированные данные (монография) a z 001yy
200 Заглавие и сведения об ответственности 1_
a Заглавие Производство железнодорожных рельсов и колес
f Первые сведения об ответственности Министерство черной металлургии СССР, Украинский научно-исследовательский институт металлов
g Последующие сведения об ответственности редакторы В. Т. Сладкоштеев [и др.]
203 Вид содержания и тип средства __
a Вид содержания Текст
b Характеристика содержания визуальный
c Тип средства непосредственный
210 Выходные данные 1_
a Место издания Харьков
c Издательство УКРНИИМЕТ
d Дата издания 1973-
215 Физическое описание __
d Формат 21 см
702 Вторичная интеллектуальная ответственность _1
a Фамилия Сладкоштеев
b Имя (инициалы) В. Т.
g Полное личное имя Владимир Тимофеевич
4 Код отношения 340
712 Наименование организации (Вторичная ответственность) 02
a Организация/ юрисдикция Министерство черной металлургии СССР
4 Код отношения 570
801 Источник записи _0
a Страна RU
b Организация Ульяновская ОНБ
c Дата составления 20260504
g Правила каталогизации RCR
801 Источник записи _1
a Страна RU
b Организация Ульяновская ОНБ
c Дата составления 20260504
g Правила каталогизации RCR
901 Тип документа __
t Тип документа v
909 Создатель записи __
a Создатель записи Горбункова
b Дата создания записи 20260504